LEADER 01306nam a2200301 u 4500 001 000000055369 003 CaOOAMICUS 005 20070226115758.0 008 010125s1993 gw u000 u ger u 020 $a3877102506 035 $a10866316 040 $aPUL$bita 100 1 $aScheffczyk, Leo,$ccard.,$d1920-2005.$0(OLS)http://pul/name/11986 245 10$aAspekte der Kirche in der Krise :$bum die Entscheidung für das authentische Konzil /$cLeo Scheffczyk. 260 $aSiegburg :$bF. Schmitt,$c1993. 300 $a191 p. ;$c23 cm 490 1 $aQuaestiones non disputatae ;$vBd. 1 504 $aBibliografia in nota. 611 24$aConcilium Vaticanum$n(2 :$d1962-1965).$0(OLS)http://pul/subject/71 830 0$aQuaestiones non disputatae ;$vBd. 1.$0(OLS)http://pul/title/74151 850 $aPUL 852 $aPUL$W1$xSL Religione 1$y3$m62 H 44$j72815$nBK-PRI$b $qStampati$B72815$CPULBib$Z2$F72815 $H $81 941 1 $a8 960 $aConcilio Vaticano II (1962-1965)$971 961 $aINV: 83519 996 $6020$a3877102506$9(OLS)http://pul/number/69651 996 $6245$aAspekte der Kirche in der Krise :$bum die Entscheidung für das authentische Konzil$9(OLS)http://pul/title/74150 996 $6260$aSiegburg :$bF. Schmitt$9(OLS)http://pul/publisher/68975 LEADER 01269nam a2200277 u 4500 001 000000052114 003 CaOOAMICUS 005 20070226115419.0 008 001009m19941996it u000 u ita u 020 $a88-13-19067-0 (v.1) 020 $a88-13-19907-4 (v.2) 035 $a10857615 040 $aMSA$bita$dPUL 245 03$aLa giustizia civile nei paesi comunitari /$ca cura di Elio Fazzalari. 260 $aPadova :$bCEDAM,$c1994.-1996. 300 $a2 v. ;$c25 cm 650 4$aDiritto processuale civile$zEuropa.$0(OLS)http://pul/subject/21799 700 1 $aFazzalari, Elio,$d1925-$0(OLS)http://pul/name/6740 850 $aPUL 852 $aPUL$W1$xSL Diritto e Scienze Sociali 3$y79$m300 A 48.2$j68940$nBK-PRI$b $qDDC 21$B68941$CPULBib$Z2$F68941 $H94752 $82 852 $aPUL$W1$xSL Diritto e Scienze Sociali 3$y79$m300 A 48.1$j198491$nBK-PRI$b $qDDC 21$B68940$CPULBib$Z2$F68940 $H94753 $82 941 1 $a9 996 $6020$a88-13-19067-0 (v.1)$9(OLS)http://pul/number/65870 996 $6020$a88-13-19907-4 (v.2)$9(OLS)http://pul/number/65871 996 $6245$aLa giustizia civile nei paesi comunitari$9(OLS)http://pul/title/69903 996 $6260$aPadova :$bCEDAM$9(OLS)http://pul/publisher/48126